000 00664pam a2200205 a 4500
020 _a0027164551
040 _cDLC
082 0 0 _a574 NEW 1993 A025 Or.
100 1 _aCanault, Nina.
245 1 0 _aIncredibly small /
250 _a1st ed.
260 _aNew York :
_bNew Discovery Books ;
_aToronto :
_bMaxwell Macmillan Canada ;
_aNew York :
_bMaxwell Macmillan International,
_cc1993.
300 _a46 p. :
_bcol. ill. ;
_c29 cm.
520 _aProvides a look at all sorts of things that can be seen only through microscopes.
650 0 _aUltrastructure (Biology)
650 0 _aMicrostructure
650 1 _aMicroscopes.
650 1 _aMicroscopy.
942 _cEK
999 _c13465
_d13465